000 00888nam a22002177a 4500
003 BDDh-ASL
005 20231015031219.0
008 230310s2021 b ||||| |||| 00| 0 b d
040 _aBDDh-ASL
_cBDDh-ASL
041 _aBengali
082 _a297.092
_bDAK
100 1 _aদত্ত, মিলন
_cঅধ্যাপক
_96535
245 1 0 _aকেমন আছে পশ্চিমবঙ্গের মুসলমান /
246 _aKemon ache Poschimbonger Musolman by Milon Datta.
260 _aঢাকা :
_bপ্রথমা প্রকাশন,
_c2021.
300 _a126 p. :
_c22 cm.
504 _aIncludes bibliographical references and index.
650 0 _aমুসলমানদের ইতিহাস
_xইসলাম ধর্ম
_9855
651 0 _aপশ্চিমবঙ্গ (West Bengal)
_zভারত (India)
_97450
942 _2ddc
_cBK
999 _c30955
_d30955